• 首页
  • 本馆介绍
  • 公告通知
  • 最新文献
  • 馆藏检索
  • 电子资源
  • 读者导购
  • 参考咨询
  • 我的图书馆
  • 登录
  • 详细信息显示
  • 放入我的书架
  • 预约/预借图书
  • 作者相关作品
  • 分类相关作品
  • 丛书相关作品
  • 出版社相关作品

书目信息

  • 表格格式
  • 工作单格式
  • 卡片格式
书名: Distant mirrors
作者: edited by Philip R. DeVita, James D. Armstrong.
分册号:
分册名:
出版地: Belmont, CA :
 
出版社: Wadsworth Pub
出版时间: c1998.
页数: xvii, 180 p. ;
开本: 24 cm.
丛书名:
中图分类号:
科图分类号:
其他分类号: G171
主题词:
电子资源:
000 01250pam a2200313 a 450
001 E0734148581
005 20070427093403.57
008 970602s1998 cau b 000 0 eng
010    @a97023146
020    @a0534257348 (pbk. : alk. paper).
035    @A(DLC) 97023146
040    @aDLC@cDLC@dDLC
043    @an-us---
050 00 @aE169.Z82@bD578 1998
082 00 @a973.92@2 21
090    @aG171
099    @dG171@ex4=2
245 00 @aDistant mirrors :@bAmerica as a foreign culture / @cedited by Philip R. DeVita, James D. Armstrong.
250    @a2nd ed.
260    @aBelmont, CA :@bWadsworth Pub.,@cc1998.
300    @axvii, 180 p. ;@c24 cm.
504    @aIncludes bibliographical references.
650  0 @aPopular culture@zUnited States@xForeign public opinion.
651  0 @aUnited States@xSocial life and customs@y1971-@xForeign public opinion.
700 1  @aArmstrong, James D.,@d1948-
700 1  @aDeVita, Philip R.,@d1932-
906    @a7@bcbc@corignew@d1@eocip@f19@gy-gencatlg
955    @apc17 to sa00 06-02-97; lh04 to subj. 06-04-97; lk29 (E169.04) 06-04-97; to SL 06-04-97; lk02 06-05-97; CIP ver. pv08 08-22-97; dg15 2005-07-14 reclassed from E169.02.D578 1998
991    @bc-GenColl@hE169.04@i.D578 1998@tCopy 1@wBOOKS
    
    Distant mirrors : : America as a foreign culture / / edited by Philip R. DeVita, James D. Armstrong.-2nd ed.-Belmont, CA : : Wadsworth Pub., , c1998.
    xvii, 180 p. ; ; 24 cm.
    Includes bibliographical references.
    
    ISBN 0534257348 (pbk. : alk. paper).
    
●
相关链接 在E读中查询图书 在五车中查询图书 在当当中查询图书 在豆瓣中查询图书


正题名:Distant mirrors     索取号:G171/x4=2         预约/预借

序号 登录号 条形码 馆藏地/架位号 状态 备注
1 5190   300051903   第二样本阅览室/ [索取号:G171/x4=2] 在馆    
2 5191   300051912   密集书库/ [索取号:G171/x4=2] 在馆    
3 5192   300051921   密集书库/ [索取号:G171/x4=2] 在馆    
4 5193   300051930   密集书库/ [索取号:G171/x4=2] 在馆    
5 5194   300051949   密集书库/ [索取号:G171/x4=2] 在馆    
6 5195   300051958   密集书库/ [索取号:G171/x4=2] 在馆    
7 5196   300051967   第四借阅区/ [索取号:G171/x4=2] 在馆    
8 5197   300051976   第四借阅区/ [索取号:G171/x4=2] 在馆    
唐山师范学院图书馆 欢迎您!
大连网信软件有限公司© 版权所有